000 00495pab a2200157 454500
008 180718b2009 xxu||||| |||| 00| 0 eng d
100 _aDuncombe, Richard
245 _aMobile phones and financial services in developing countries: a review of concepts, methods, issues, evidence and future research directions
260 _c2009
300 _ap.1237-258.
650 _aMobile communication
700 _aBoateng, Richard
773 _aThird World Quarterly
908 _aN
909 _a84707
999 _c84707
_d84707